Preliminary gazetteer : Ireland /

Bibliographic Details
Corporate Authors: United States. Department of the Interior. Division of Geography, United States. Defense Mapping Agency
Format: Government Document Book
Language:English
Published: [Washington, D.C.?] : [Defense Mapping Agency], [1950]
Subjects:

MARC

Tag First Indicator Second Indicator Subfields
LEADER 00000cam a2200000 a 4500
001 in00001069104
005 20150929103255.0
008 920317s1950 dcu d f000 0 eng d
010 |a (DG92065062  
035 |a (OCoLC)25485784 
035 |9 AFP6018AM 
037 |a GAZGNIRELAND  |b DMA 
040 |a GPO  |c GPO  |d DLC  |d UtOrBLW 
043 |a e-ie--- 
074 |a 617 (MF) 
086 0 |a D 5.319:Ir 2/prelim. 
245 0 0 |a Preliminary gazetteer :  |b Ireland /  |c [prepared in the Division of Geography, Department of the Interior]. 
264 1 |a [Washington, D.C.?] :  |b [Defense Mapping Agency],  |c [1950] 
300 |a 189 pages ;  |c 21 x 27 cm. 
336 |a text  |b txt  |2 rdacontent 
337 |a unmediated  |b n  |2 rdamedia 
338 |a volume  |b nc  |2 rdacarrier 
500 |a Cover title: Preliminary gazetteer: Ireland, official standard names approved by the United States Board on Geographic Names. 
500 |a Distributed to depository libraries in microfiche. 
651 0 |a Ireland  |v Gazetteers. 
650 0 |a Names, Geographical  |z Ireland. 
710 1 |a United States.  |b Department of the Interior.  |b Division of Geography. 
710 1 |a United States.  |b Defense Mapping Agency. 
740 0 |a Preliminary gazetteer: Ireland, official standard names approved by the United States Board on Geographic Names. 
999 |a MARS 
999 f f |s a4961856-f279-3133-96ab-5710552227a1  |i 8b0e354e-89db-3c92-bd68-fa9c9f6742ac  |t 0 
952 f f |p noncirc  |a Texas A&M University  |b College Station  |c Sterling C. Evans Library  |d Evans: Maps Fiche (2nd floor)  |t 0  |e D 5.319 Ir 2/prelim.  |h Superintendent of Documents classification  |i unmediated -- volume 
998 f f |a D 5.319 Ir 2/prelim.  |t 0  |l Evans: Maps Fiche (2nd floor)